Normal view
MARC view
Entry Personal Name
001 - CONTROL NUMBER
- control field: 207604
003 - CONTROL NUMBER IDENTIFIER
- control field: OSt
005 - DATE AND TIME OF LATEST TRANSACTION
- control field: 20220924133906.0
008 - FIXED-LENGTH DATA ELEMENTS
- fixed length control field: 220924|| aca||aabn | a|a d
040 ## - CATALOGING SOURCE
- Original cataloging agency: OSt
- Transcribing agency: OSt
100 ## - HEADING--PERSONAL NAME
- Personal name: Roos E. Denison
670 ## - SOURCE DATA FOUND
- Source citation: Work cat.: (OSt)435627: Roos E. Denison , Bioliotheea India , marhamu l - ilali - l - mudila, 1910
